Migración, masculinidad y menores repatriados en la frontera Matamoros-Brownsville = Migration, masculinity and minors repatriated on the Matamoros-Brownsville Border /

Spremljeno u:
Bibliografski detalji
Glavni autor: Hernández Hernández, Oscar Misael
Format: Tekst
Oznake: Dodaj oznaku
Bez oznaka, Budi prvi tko označuje ovaj zapis!

MARC

LEADER 00000 a a2200000 04500
001 48078
003
040
100 |a Hernández Hernández, Oscar Misael  
245 |a Migración, masculinidad y menores repatriados en la frontera Matamoros-Brownsville =   |b Migration, masculinity and minors repatriated on the Matamoros-Brownsville Border /  |c Oscar Misael Hernández Hernández  
773 |g volumen14, número33, (2012), páginas 76-94  
999 |c 19886  |d 19886